00354nam a2200133Ia 4500003000400000005001700004008004100021040000900062082001800071100002600089245006100115260003500176300000900211OSt20200608131445.0190216s9999||||xx |||||||||||||| ||und|| coclc a342.42bADA/C aAdams, George Burton  0aConstitutional History Of England /cGeorge Burton Adams bJonathan Cape,c1965.aLondon: a591p